| 000 | 00374nam a22001577a 4500 | ||
|---|---|---|---|
| 003 | OSt | ||
| 005 | 20231208041234.0 | ||
| 008 | 231008b |||||||| |||| 00| 0 eng d | ||
| 020 | _a9788193984802 | ||
| 040 | _cIIMT UNIVERSITY | ||
| 100 | _aGUPTA, A.B. | ||
| 245 | _aELECTRICITY AND MAGNETISM | ||
| 260 |
_aKOLKATA _bBOOK & ALLIED _c2019 |
||
| 300 | _a688 | ||
| 942 |
_2ddc _c03 |
||
| 999 |
_c57327 _d57327 |
||